000
00336nam a2200133Ia 4500
008
220524s9999 xx 000 0 und d
041
_a
eng
082
_a
391
100
_a
Sdinger Jacob
_9
6360
245
_a
Apparel Manufacturing Analysis chapter( 1 to XV)
260
_b
Textile book Publisher
650
_a
Apparel
_9
6361
906
_a
447
999
_c
6813
_d
6813